Mensagem apresentada ao Congresso Legislativo na abertura da primeira sessão da quarta legislatura pelo Presidente do Estado Dr. José de Mello Carvalho Moniz Freire em 28 de setembro de 1901 (Registro n. 536)
[ somente texto ]
| 000 -LÍDER | |
|---|---|
| campo de controle de tamanho fixo | 00988nam a22001937a 4500 |
| 003 - IDENTIFICADOR DO NÚMERO DE CONTROLE | |
| campo de controle | BR-ViAPE |
| 005 - DATA E HORÁRIO DA ÚLTIMA TRANSAÇÃO | |
| campo de controle | 20260422113727.0 |
| 008 - CAMPO DE DADOS FIXOS--INFORMAÇÃO GERAL | |
| campo de controle de tamanho fixo | 260422s1901 por gs||||s000 0 por d |
| 040 ## - FONTE DA CATALOGAÇÃO | |
| Instituição que transcreveu o registro | BR-ViAPE |
| 110 ## - ENTRADA PRINCIPAL--NOME CORPORATIVO | |
| Nome corporativo ou nome da jurisdição | Espírito Santo |
| Unidade subordinada | Estado |
| 245 ## - TÍTULO | |
| Título | Mensagem apresentada ao Congresso Legislativo na abertura da primeira sessão da quarta legislatura pelo Presidente do Estado Dr. José de Mello Carvalho Moniz Freire em 28 de setembro de 1901 |
| 260 ## - PUBLICAÇÃO, DISTRIBUIÇÃO, ETC. | |
| Local de publicação, distribuição, etc. | Vitória |
| Nome do editor, distribuidor, etc. | Typographia Commercial de Nelson Costa & Comp. |
| Data da publicação, distribuição, etc. | 1901 |
| 300 ## - DESCRIÇÃO FÍSICA | |
| Extensão | 47 p. |
| Outros detalhes físicos | Documento digitalizado (PDF) |
| 500 ## - NOTA GERAL | |
| Nota geral | Documento digitalizado do acervo institucional do Arquivo Público do Estado do Espírito Santo - APEES. |
| 650 ## - ASSUNTO--TERMO TÓPICO | |
| Cabeçalho tópico ou nome geográfico | Administração pública |
| Subdivisão geográfica | Espírito Santo |
| 651 ## - ASSUNTO—LOCAIS GEOGRÁFICOS E HISTÓRICOS | |
| Nome geográfico | Espírito Santo |
| Subdivisão geral | Administração pública |
| 856 ## - LOCALIZAÇÃO ELETRÔNICA E ACESSO | |
| Uniform Resource Identifier | <a href="https://ape.es.gov.br/Media/ape/PDF/Mensagens/JOS%C3%89%20DE%20MELLO%20CARVALHO%20MONIZ%20FREIRE%20(6).pdf">https://ape.es.gov.br/Media/ape/PDF/Mensagens/JOS%C3%89%20DE%20MELLO%20CARVALHO%20MONIZ%20FREIRE%20(6).pdf</a> |
| Texto de ligação | CLIQUE AQUI PARA ACESSAR O DOCUMENTO |
| 942 ## - ELEMENTOS DE ENTRADA ADICIONADOS (KOHA) | |
| Fonte da classificação ou esquema de arquivamento na estante | Dewey Decimal Classification |
| Tipo de material Koha | Mensagens e Relatórios |
| Ocultar no OPAC | Yes |
| Status de descarte | Fonte da classificação ou esquema de arquivamento na estante | Status físico | Não pode ser emprestado | Biblioteca de origem | Biblioteca atual | Data de aquisição | Total de empréstimos | Data de último acesso | Preço efetivo de | Tipo de material Koha |
|---|---|---|---|---|---|---|---|---|---|---|
| Dewey Decimal Classification | Biblioteca do Arquivo Público do Estado do Espírito Santo | Biblioteca do Arquivo Público do Estado do Espírito Santo | 04/22/2026 | 04/22/2026 | 04/22/2026 | Mensagens e Relatórios |